| 000 | 00506nam a2200181Ia 4500 | ||
|---|---|---|---|
| 008 | 240925s9999 xx 000 0 und d | ||
| 020 | _a9788184875157 | ||
| 082 | _a515.350285 BUT | ||
| 100 | _aButt, Rizwan | ||
| 245 | 3 | _aAn Introduction to Differential Equations using MATLAB | |
| 250 | _aNA | ||
| 260 |
_aNew Delhi: _bNarosa Publishing House _c,2016. |
||
| 300 |
_a539p. _b0 _fOriginal |
||
| 500 | _aIncludes Index | ||
| 600 | _aHumanities & Natural Science | ||
| 650 | _aMathematics | ||
| 942 | _cBK | ||
| 999 |
_c17332 _d17332 |
||